000 00516nam a2200181Ia 4500
008 090123s9999 xx 000 0 und d
082 _b5317
_a891.463/भागवत
100 _aभागवत यशवंत
245 _aपोरका
250 _a2
260 _bप्रमोद प्रकाशन
_c1978
300 _a156
600 _aभागवत यशवंत
630 _aपोरका
700 _aभागवत यशवंत
730 _aपोरका
942 _cBOOK
999 _c43393
_d43393